<?xml version="1.0" encoding="UTF-8"?><?xml-stylesheet type="text/xsl" href="static/style.xsl"?><OAI-PMH xmlns="http://www.openarchives.org/OAI/2.0/" xmlns:xsi="http://www.w3.org/2001/XMLSchema-instance" xsi:schemaLocation="http://www.openarchives.org/OAI/2.0/ http://www.openarchives.org/OAI/2.0/OAI-PMH.xsd"><responseDate>2026-04-17T13:09:09Z</responseDate><request verb="GetRecord" identifier="oai:www.recercat.cat:2117/108195" metadataPrefix="marc">https://recercat.cat/oai/request</request><GetRecord><record><header><identifier>oai:recercat.cat:2117/108195</identifier><datestamp>2025-07-23T05:46:43Z</datestamp><setSpec>com_2072_1033</setSpec><setSpec>col_2072_452951</setSpec></header><metadata><record xmlns="http://www.loc.gov/MARC21/slim" xmlns:dcterms="http://purl.org/dc/terms/" xmlns:xsi="http://www.w3.org/2001/XMLSchema-instance" xmlns:doc="http://www.lyncode.com/xoai" xsi:schemaLocation="http://www.loc.gov/MARC21/slim http://www.loc.gov/standards/marcxml/schema/MARC21slim.xsd">
   <leader>00925njm 22002777a 4500</leader>
   <datafield ind2=" " ind1=" " tag="042">
      <subfield code="a">dc</subfield>
   </datafield>
   <datafield ind2=" " ind1=" " tag="720">
      <subfield code="a">García Jiménez, Ricardo David</subfield>
      <subfield code="e">author</subfield>
   </datafield>
   <datafield ind2=" " ind1=" " tag="260">
      <subfield code="c">2017-05</subfield>
   </datafield>
   <datafield ind2=" " ind1=" " tag="520">
      <subfield code="a">En el siguiente proyecto se muestra el estudio de distintas celdas de ion de litio de varios fabricantes, químicas y formatos para aplicaciones en vehículos eléctricos.&#xd;
Primero, se expone el estado del arte de las principales baterías actuales poniendo especial atención en las baterías de ion de litio explicando propiedades generales y conceptos que servirán de base para los apartados siguientes.&#xd;
En el cuerpo principal del trabajo se detallan propiedades y características concretas de las baterías de ion de litio y se analizan los resultados experimentales obtenidos para comparar el comportamiento de los distintos tipos de celdas sobre los que se ha realizado el estudio. En cada apartado se comentarán los resultados que se han obtenido.&#xd;
Finalmente, se exponen unas conclusiones que dan cohesión a todo el trabajo y a partir de las cuales se proponen futuros estudios que permitan conocer en profundidad el comportamiento de las baterías de litio en aplicaciones de vehículos eléctricos.</subfield>
   </datafield>
   <datafield tag="653" ind2=" " ind1=" ">
      <subfield code="a">Àrees temàtiques de la UPC::Enginyeria elèctrica</subfield>
   </datafield>
   <datafield tag="653" ind2=" " ind1=" ">
      <subfield code="a">Lithium ion batteries</subfield>
   </datafield>
   <datafield tag="653" ind2=" " ind1=" ">
      <subfield code="a">Bateries d'ió liti</subfield>
   </datafield>
   <datafield ind2="0" ind1="0" tag="245">
      <subfield code="a">Estudio comparativo de distintos tipos de baterías de ion de litio para aplicaciones en vehículos eléctricos</subfield>
   </datafield>
</record></metadata></record></GetRecord></OAI-PMH>